Normal view
MARC view
- Jeffrey Jocsak, Dr Tian Tian, Dr Victor W.Wong
Entry Personal Name
001 - CONTROL NUMBER
- control field: 65936
003 - CONTROL NUMBER IDENTIFIER
- control field: NUST
005 - DATE AND TIME OF LATEST TRANSACTION
- control field: 20210628203519.0
008 - FIXED-LENGTH DATA ELEMENTS
- fixed length control field: 210628|| aca||aabn | a|a d
040 ## - CATALOGING SOURCE
- Original cataloging agency: NUST
- Transcribing agency: NUST
100 ## - HEADING--PERSONAL NAME
- Personal name: Jeffrey Jocsak, Dr Tian Tian, Dr Victor W.Wong
670 ## - SOURCE DATA FOUND
- Source citation: Work cat.: (NUST): Jeffrey Jocsak, Dr Tian Tian, Dr Victor W.Wong, The effects of surface finish on piston ring pack performance in advanced reciprocating engine systems, 2005
